| 000 | 00773cam a22002292 4500 | ||
|---|---|---|---|
| 001 | 0000003550 | ||
| 005 | 20151217145736.0 | ||
| 008 | 070509s xx 000 0 eng d | ||
| 020 |
_a0325005435 : _cKES 3,995 |
||
| 040 |
_aKABU _cKABU |
||
| 050 | 0 |
_aLB1028.25 _b.H83 2003 |
|
| 100 | 1 |
_aHubbard, Ruth Shagoury. _@0000153546 |
|
| 245 | 1 | 4 |
_aThe Art of classroom inquiry : _ba handbook for teacher-researchers / _cRuth Shagoury Hubbard and Brenda Miller Power. |
| 250 | _aRev. ed. | ||
| 260 |
_aPortsmouth, NH : _bHeinemann, _c2003. |
||
| 300 | _axx, 235 p. | ||
| 650 | 0 |
_aEducation _xResearch _zUnited States. _@0000153547 |
|
| 700 | 1 |
_aPower, Brenda Miller. _@0000153548 |
|
| 908 | _a070509 | ||
| 950 | _@1 | ||
| 999 |
_c2143 _d2143 |
||